Process for the preparation of thrombin 2,495,298 : [patent] /

Elmentve itt :
Bibliográfiai részletek
Szerző: Szent-Györgyi Albert
Dokumentumtípus: Cikk
Megjelent: United States Government Printing Office Washington, D.C. 1950-01-24
Sorozat:Official Gazette of the United States Patent Office 630 No. 4
Kulcsszavak:Trombin
Online Access:http://misc.bibl.u-szeged.hu/73850
LEADER 00750nab a2200181 i 4500
001 misc73850
005 20241018142338.0
008 240215s1950 hu o 000 eng d
040 |a SZTE Miscellanea Repozitórium  |b hun 
041 |a eng 
100 2 |a Szent-Györgyi Albert 
245 1 0 |a Process for the preparation of thrombin   |h [elektronikus dokumentum] :  |b 2,495,298 : [patent] /  |c  Szent-Györgyi Albert 
260 |a United States Government Printing Office  |b Washington, D.C.  |c 1950-01-24 
300 |a 965 
490 0 |a Official Gazette of the United States Patent Office  |v 630 No. 4 
561 |a Szent-Györgyi Albert tudományos és egyéb írásai 
695 |a Trombin 
856 4 0 |u http://misc.bibl.u-szeged.hu/73850/1/szgya_magyar_225.pdf  |z Dokumentum-elérés